000 00844nam a2200277 i 4500
001 C2-0322758
003 PPAK
005 20180728121550.0
008 130909s2012 my a|||| ||||| | may d
020 _a9789838864688
040 _aPPAK
_beng
_cPPAK
_erda
082 0 4 _a959.5
_223
090 0 0 _a959.5
_bELI
_dK
100 0 _aElina Syafinaz,
_eauthor
245 1 0 _aPemerintahan Jepun
264 1 _aPuchong, Selangor :
_bPenerbitan Nadi Ilmu ,
_c2012
300 _a32 pages :
_bcolour illustrations ;
_c18 cm
336 _2rdacontent
_atext
337 _2rdamedia
_aunmediated
338 _2rdacarrier
_avolume
490 1 _aSiri Jepun di Malaya
650 1 0 _aMalaysia - History - Juvenile literature. ; Malaysia - Politics government - Juvenile literature.
700 _eauthor
830 0 _aSiri Jepun di Malaya
942 _ddc
_cB
999 _c122999
_d122999